00485nam a2200145Ia 4500008004100000020001800041082001400059100002700073245006600100260003100166300001000197650002400207952009100231999001700322120629s9999 xx 000 0 und d a968-18-5818-2 a709 A474i aAlvear Acevedo, Carlos aIntroducción a la historia del arte / Carlos Alvear Acevedo aMéxico : Limusa, Noriega a308 p a1. ARTE-HISTORIAÌ 00104070a15b15d2007-03-23l0o709 A474Ip15 000900r2017-12-07t1w2012-06-28yLB c75662d75662